| 000 -LEADER | |
|---|---|
| fixed length control field | 00365nam a22001577a 4500 |
| 005 - DATE AND TIME OF LATEST TRANSACTION | |
| control field | 20260508114356.0 |
| 008 - FIXED-LENGTH DATA ELEMENTS--GENERAL INFORMATION | |
| fixed length control field | 160426b xxu||||| |||| 00| 0 eng d |
| 020 ## - INTERNATIONAL STANDARD BOOK NUMBER | |
| ISBN | N/A |
| 041 ## - LANGUAGE CODE | |
| Language code of text/sound track or separate title | eng |
| 082 ## - DEWEY DECIMAL CLASSIFICATION NUMBER | |
| Classification number | 658.4034 |
| 100 ## - MAIN ENTRY--AUTHOR NAME | |
| Personal name | Gupta, R.K. |
| 245 ## - TITLE STATEMENT | |
| Title | Operations Research |
| 260 ## - PUBLICATION, DISTRIBUTION, ETC. (IMPRINT) | |
| Place of publication | Meerut |
| Name of publisher | Krishna Prakash Media (P) Ltd. |
| Year of publication | 2003 |
| 300 ## - PHYSICAL DESCRIPTION | |
| Number of Pages | 626 |
| 942 ## - ADDED ENTRY ELEMENTS (KOHA) | |
| Koha item type | Books |
| Lost status | Damaged status | Home library | Date acquired | Cost, normal purchase price | Full call number | Accession Number | Koha item type | Collection code | Current library | Shelving location |
|---|---|---|---|---|---|---|---|---|---|---|
| JRU Library | 26/04/2016 | 150.00 | 00096 | 00096 | Books | |||||
| JRU Library | 26/04/2016 | 150.00 | 658.4034 | 00097 | Books | MANAGEMENT | JRU Library | SHELF-76-F | ||
| JRU Library | 26/04/2016 | 150.00 | 658.4034 | 00098 | Books | MANAGEMENT | JRU Library | SHELF-76-F |